Clubs with the Most England Players - Statistics

General Stats
  • This quiz has been taken 57 times
  • The average score is 14 of 18
Answer Stats
# Club % Correct
56 Chelsea
100%
53 Manchester City
100%
71 Manchester United
100%
74 Liverpool
98%
70 Arsenal
96%
40 Newcastle United
94%
79 Tottenham Hotspur
94%
77 Aston Villa
88%
70 Everton
88%
45 West Ham United
88%
36 Wolverhampton Wanderers
73%
48 Blackburn Rovers
69%
37 Nottingham Forest
67%
39 Southampton
65%
45 West Bromwich Albion
55%
43 Sheffield Wednesday
49%
39 Derby County
45%
76 Corinthian
4%
No matching quizzes found
Score Distribution
Percent of People with Each Score
Percentile by Number Answered
Your Score History
You have not taken this quiz